|
|
|
|
| LEADER |
00000nab a2200000 a 4500 |
| 001 |
vtls000364463 |
| 003 |
SK-MaSNL |
| 005 |
20260304231158.0 |
| 008 |
250424c1989 xo 0 slo |
| 015 |
|
|
|a SNBRB19rr/mm-uuuuu
|
| 035 |
|
|
|a CL0364585
|
| 035 |
|
|
|a urn:nbn:sk:snk-ab8u0
|
| 035 |
|
|
|a (urnnbn)urn:nbn:sk:snk:ar-0055fx
|
| 035 |
|
|
|a (uuid)b8bad208-34ff-4c40-b28a-c2479d330584
|
| 040 |
|
|
|a SNKBUCL
|b slo
|c SNKBUCL
|e AACR2
|
| 041 |
0 |
|
|a slo
|
| 044 |
|
|
|a xo
|c SK
|
| 080 |
|
|
|a 75.071.1
|2 1981
|
| 080 |
|
|
|a 76.071.1
|2 1981
|
| 080 |
|
|
|a 74/76.071.1.091
|2 1981
|
| 080 |
|
|
|a 929 Kraščevič, Alexej
|2 1981
|
| 100 |
1 |
|
|a Srnenská, Dagmar,
|d 1950-
|4 aut
|9 98501
|
| 245 |
1 |
0 |
|a Alexej Kraščenič
|c Dagmar Srnenská ; Alexej Kraščenič
|
| 300 |
|
|
|b Obr. 7.
|
| 600 |
1 |
7 |
|a Kraščenič, Alexej,
|d 1953-
|2 snkbucl
|9 247274
|
| 655 |
|
7 |
|a články z novín a časopisov
|2 snkbucl
|9 267496
|
| 773 |
0 |
|
|t Výtvarný život
|g Roč. 34, č. 8 (1989), s. 47
|
| 850 |
|
|
|a Slovenská národná knižnica
|
| 852 |
|
|
|a Slovenská národná knižnica
|
| 954 |
|
|
|a odborná, vedecká literatúra pôvodná (slovenská)
|2 lita
|
| 958 |
|
|
|a article27
|
| 958 |
|
|
|a BX
|
| 958 |
|
|
|a RK
|
| 958 |
|
|
|a OND
|
| 958 |
|
|
|a EUIPO
|
| 992 |
|
|
|a RBX
|
| 999 |
|
|
|c 3187362
|d 3189292
|